000 01174nam a2200241Ia 4500
999 _c54764
_d54764
001 21831
003 GE_BSU
005 20220531160630.0
008 181216s2006||||ge |||||||||||||| ||geo||
040 _cGE_BSU
041 _ageo
080 _a811.353.1-88(075.3) მ-70
100 _aმირიანაშვილი, მარიამ
_93277
245 _aდამოუკიდებლად საკითხავი პირველკლასელთათვის /
_cმარიამ მირიანაშვილი, ლალი ვაშაკიძე, ქეთევან თოფაძე.
264 _aთბილისი ;
_bსაქართველოს მაცნე,
_c2006.
300 _a20 გვ. :
_bილ. ;
_c29 სმ.
541 _h3 ლ.
653 _aდამოუკიდებლად საკითხავი პირველკლასელთათვის
653 _aქართული ენა
700 _aვაშაკიძე, ლალი
_eავტორი
_913800
700 _aთოფაძე, ქეთევან
_eავტორი
_913916
942 _cBK
_2udc